000 00520cam a22002171 4500
001 sa 63000554
003 DLC
005 20260227111922.0
008 890615s1962 ii a 000 1 hino
010 _asa 63000554
035 _a(OCoLC)19876789
040 _aDLC
_cWaU
_dDLC
042 _apremarc
050 0 0 _aPK2077
_b.B5
100 1 _aBhatnagar, S. P.
245 1 0 _aSataraṅgā ān̐cala.
260 _c[1962]
300 _a139 p.
_billus.
_c18 cm.
500 _aIn Hindi.
650 0 _aShort stories, Hindi.
999 _c53529
_d53529